L’enseignement de l’évolution face aux croyances religieuses (notice n° 1877257)

détails MARC
000 -LEADER
fixed length control field 01635cam a2200169 4500500
005 - DATE AND TIME OF LATEST TRANSACTION
control field 20260329013108.0
041 ## - LANGUAGE CODE
Language code of text/sound track or separate title fre
042 ## - AUTHENTICATION CODE
Authentication code dc
100 10 - MAIN ENTRY--PERSONAL NAME
Personal name Fortin, Corinne
Relator term author
245 00 - TITLE STATEMENT
Title L’enseignement de l’évolution face aux croyances religieuses
260 ## - PUBLICATION, DISTRIBUTION, ETC.
Date of publication, distribution, etc. 2015.<br/>
500 ## - GENERAL NOTE
General note 48
520 ## - SUMMARY, ETC.
Summary, etc. Les instructions officielles concernant l’enseignement de la biologie de l’évolution préconisent d’ignorer les considérations religieuses que pourraient exprimer les élèves. Cet article s’appuie sur l’histoire curriculaire de l’enseignement de l’évolution, en France, du xixe au xxe siècle pour explorer de nouvelles pistes curriculaires qui prendraient en compte le questionnement religieux des élèves sans renoncer à l’ambition de l’École laïque de s’adresser à tous dans le respect des convictions ou des croyances de chacun des élèves.
520 ## - SUMMARY, ETC.
Summary, etc. The official instructions concerning the teaching of evolutionary biology advocate simply ignore religious considerations that could be expressed by the students.This article draws on French history curriculum teaching of evolution from the 19th to the 20th century to explore new curricular paths that would take into account the students’ religious questioning without giving up the ambition of French secular school to speak to all in with the respect for convictions or beliefs of each student.
786 0# - DATA SOURCE ENTRY
Note Histoire, monde et cultures religieuses | 32 | 4 | 2015-03-06 | p. 67-78 | 2267-7313
856 41 - ELECTRONIC LOCATION AND ACCESS
Uniform Resource Identifier <a href="https://shs.cairn.info/revue-histoire-monde-et-cultures-religieuses-2014-4-page-67?lang=fr&redirect-ssocas=7080">https://shs.cairn.info/revue-histoire-monde-et-cultures-religieuses-2014-4-page-67?lang=fr&redirect-ssocas=7080</a>

Pas d'exemplaire disponible.

PLUDOC

PLUDOC est la plateforme unique et centralisée de gestion des bibliothèques physiques et numériques de Guinée administré par le CEDUST. Elle est la plus grande base de données de ressources documentaires pour les Étudiants, Enseignants chercheurs et Chercheurs de Guinée.

Adresse

627 919 101/664 919 101

25 boulevard du commerce
Kaloum, Conakry, Guinée

Réseaux sociaux

Powered by Netsen Group @ 2025